Statistiques concernant Cinéma commençant par la lettre L

Cliquez ici pour prendre le quiz!

Statistiques générales

  • Ce quiz a été pris 796 fois
  • Le résultat moyen est 5 sur 12

Statistiques - réponses

HintRéponse% Correct
Frères dont l'importance dans la conception du cinéma est primordialeFrères Lumière
95%
Mystique dans X-Men, puis Katniss dans Hunger GamesJennifer Lawrence
76%
Acteur sino-américain, maître dans le cinéma d'arts martiauxBruce Lee
75%
Élément composant l'objectif photographique, également le nom d'un alimentLentille
59%
Cinéaste italien à l'origine d'un film avec un bon, une brute et un truandSergio Leone
59%
Comédie romantique britannique se déroulant pendant les fêtes de fin d'annéeLove Actually
50%
Compositeur français, notamment connu pour Les Parapluies de CherbourgMichel Legrand
29%
Réalisateur américain, connu pour ses films surréalistes et déroutantsDavid Lynch
28%
Film sorti en 2016, rendant hommage aux films composés par ce dernierLa La Land
26%
Acteur français, interprète du personnage d'Antoine DoinelJean-Pierre Léaud
24%
Célèbre acteur du cinéma muet, aux cascades dejantéesHarold Lloyd
9%
Actrice de comédies burlesques, disparue prématurément en 1942Carole Lombard
1%

Distribution des résultats

Percentile par nombre de réponses

% des personnes avec chaque résultat

Votre développement - résultats

Vous n’avez pas pris ce quiz